| 000 | 00648cam a22002291 4500 | ||
|---|---|---|---|
| 001 | med47001302 | ||
| 003 | DLC | ||
| 005 | 20260227111602.0 | ||
| 008 | 750826s1947 nyuac 000 0 eng | ||
| 010 | _amed47001302 | ||
| 035 | _a(OCoLC)1574601 | ||
| 040 |
_aDLC _cF _dOCoLC _dCaBViV _dDLC |
||
| 043 | _ae-ur--- | ||
| 050 | 0 | 0 |
_aR531 _b.P6 |
| 082 | _a610.947 | ||
| 100 | 1 |
_aPodolsky, Edward, _d1902- |
|
| 245 | 1 | 0 |
_aRed miracle, _bthe story of Soviet medicine ... |
| 260 |
_aNew York, _bBeechhurst _c[1947] |
||
| 300 |
_a274 p. _billus., ports. _c24 cm. |
||
| 650 | 0 |
_aMedicine _zSoviet Union. |
|
| 650 | 0 |
_aNational health services _zSoviet Union. |
|
| 999 |
_c38297 _d38297 |
||